00573nam a2200121Ia 4500008004100000245026800041260003600309260000900345300000600354650002600360650001200386856005300398170516s9999 xx 000 0 und d a18F-Fluorodeoxyglucose Positron Emission Tomography/Computed Tomography Accuracy in the Staging of Non-Small Cell Lung Cancer: Review and Cost-Effectiveness, Nieves Gómez León, Sofía Escalona, Beatriz Bandrés, Cristobal Belda, Daniel Callejo, and Juan Ant bRadiology Research and Practice c2014 a: xRadiologic Technology xRadtech uhttps://www.hindawi.com/journals/rrp/contents/2/